00638nam a22002057a 4500003000500000005001700005008004100022010001000063011001000073035001000083040000900093082001500102110008000117245004800197260004000245300002000285490005800305650001100363830005800374CHAP20220329135219.0971013s1959 r 00010 d a32715 a33687 a37803 cCHAP a633.58bC8 aCuba. Estación Experimental Agronómica (Central). Santiago de las Vegas aKenafb: investigaciones conducidas en Cuba aLa Habana :b(La Estación),c1959 a280 p.b: ilus. aEstación Experimental Agronómica. Boletínv; 7414aKenaf.0 aEstación Experimental Agronómica. Boletínv; 74